[Event "VIII Floripa Chess Open 2022 - LIRA - mesa 1 a 205 - HOTEL FAIAL - 206 a 246"]
[Site "Lira Tênis Clube - Florianópolis/SC"]
[Date "2022.01.27"]
[Round "5"]
[Board "174"]
[White "Nogueira, Antonio Rodrigues"]
[Black "Goetten Wagner, Julia"]
[Result "1/2-1/2"]
[WhiteElo "1826"]
[BlackElo "1638"]
[PlyCount "91"]
[EventDate "2022.01.24"]
[EventRounds "10"]
[EventCountry "BRA"]

1. c4 c5 2. Nc3 Nc6 3. g3 g6 4. Bg2 Bg7 5. e3 e5 6. Nge2 Nge7 7. O-O d6 8. d3
O-O 9. Qd2 Be6 10. b3 d5 11. cxd5 Nxd5 12. Bb2 Nde7 13. Rad1 Qd7 14. d4 exd4
15. exd4 cxd4 16. Nb5 Rfd8 17. Nbxd4 Nf5 18. Bxc6 bxc6 19. Qf4 Nxd4 20. Bxd4
Bxd4 21. Rxd4 Qe7 22. Rfd1 Rxd4 23. Qxd4 Bxb3 24. axb3 Qxe2 25. Rc1 Qe6 26. Qc4
Qxc4 27. Rxc4 Rc8 28. b4 Kf8 29. Rc5 Ke7 30. Kf1 Kd6 31. Ra5 Rc7 32. Ke2 f6 33.
h4 Rb7 34. Ke3 Kc7 35. f3 Kb6 36. Rc5 Rd7 37. Rc4 Rd1 38. g4 Rd5 39. Ke4 Kb5
40. Rc1 Rd2 41. Rc5+ Kb6 42. Rc4 Re2+ 43. Kf4 Ra2 44. h5 Ra4 45. hxg6 hxg6 46.
g5  1/2-1/2

[Event "VIII Floripa Chess Open 2022 - LIRA - mesa 1 a 205 - HOTEL FAIAL - 206 a 246"]
[Site "Lira Tênis Clube - Florianópolis/SC"]
[Date "2022.01.27"]
[Round "5"]
[Board "175"]
[White "Benevenga, Antonio"]
[Black "Silva, Jeferson"]
[Result "0-1"]
[WhiteElo "1629"]
[BlackElo "1800"]
[PlyCount "36"]
[EventDate "2022.01.24"]
[EventRounds "10"]
[EventCountry "BRA"]

1. e3 Nf6 2. b3 g6 3. Bb2 Bg7 4. g4 d5 5. g5 Nh5 6. Nc3 d4 7. Nce2 dxe3 8. Bxg7
Qxd2+ 9. Qxd2 exd2+ 10. Kxd2 Nxg7 11. Bg2 c6 12. Nf3 Bg4 13. Rhe1 Bxf3 14. Bxf3
h6 15. Bg4 hxg5 16. Bc8 a6 17. Bxb7 Ra7 18. Bc8 e6  0-1

[Event "VIII Floripa Chess Open 2022 - LIRA - mesa 1 a 205 - HOTEL FAIAL - 206 a 246"]
[Site "Lira Tênis Clube - Florianópolis/SC"]
[Date "2022.01.27"]
[Round "5"]
[Board "176"]
[White "Ayala Ruiz, Miguel Angel"]
[Black "De Oliveira, Yuri Crisostomo"]
[Result "1-0"]
[WhiteElo "1618"]
[BlackElo "1797"]
[PlyCount "107"]
[EventDate "2022.01.24"]
[EventRounds "10"]
[EventCountry "BRA"]

1. e4 c5 2. Nf3 Nc6 3. Bb5 g6 4. Bxc6 dxc6 5. d3 Bg7 6. h3 Nf6 7. O-O O-O 8.
Nc3 Re8 9. Be3 b6 10. Qd2 e5 11. a3 Qe7 12. Nh2 h5 13. f4 Bh6 14. f5 Bxe3+ 15.
Qxe3 Kg7 16. fxg6 fxg6 17. Rf2 Rf8 18. Raf1 Bd7 19. Nf3 Nh7 20. Ne2 Rf7 21. Qd2
Re8 22. Qc3 Ng5 23. Nxg5 Rxf2 24. Rxf2 Qxg5 25. Kh1 Rf8 26. Rxf8 Kxf8 27. Qe1
Qf6 28. Ng1 g5 29. b4 Qe7 30. Qf2+ Kg7 31. bxc5 Qxc5 32. Qg3 g4 33. Nf3 Kf6 34.
Qh4+ Kg7 35. Qg5+ Kh7 36. Qxh5+ Kg7 37. Qxe5+ Qxe5 38. Nxe5 Be8 39. Nxg4 Kf8
40. Kg1 c5 41. Kf2 Ba4 42. Ne3 a5 43. Nc4 Bxc2 44. Nxb6 Bxd3 45. Nd7+ Ke7 46.
Nxc5 Bc4 47. Ke3 Ke8 48. g4 Kf7 49. Nb7 Bf1 50. h4 a4 51. Kd4 Bg2 52. Ke5 Bxe4
53. Nd6+ Ke7 54. Nxe4  1-0

[Event "VIII Floripa Chess Open 2022 - LIRA - mesa 1 a 205 - HOTEL FAIAL - 206 a 246"]
[Site "Lira Tênis Clube - Florianópolis/SC"]
[Date "2022.01.27"]
[Round "5"]
[Board "184"]
[White "Moyses Sobrinho, Elias"]
[Black "Bittencourt, Alica E Decezare"]
[Result "1-0"]
[WhiteElo "1875"]
[BlackElo "1254"]
[PlyCount "87"]
[EventDate "2022.01.24"]
[EventRounds "10"]
[EventCountry "BRA"]

1. d4 Nf6 2. c4 e6 3. Nc3 d5 4. e3 Be7 5. Nf3 O-O 6. Bd3 b6 7. cxd5 Nxd5 8. e4
Nf6 9. e5 Nd5 10. O-O Bb7 11. a3 Nd7 12. Ne4 h6 13. b4 c5 14. dxc5 bxc5 15. b5
Qc7 16. Bb2 N7b6 17. Rc1 Nf4 18. Bb1 Rfd8 19. Qc2 Bxe4 20. Qxe4 Ng6 21. Qg4 Kh7
22. h4 Kg8 23. Bxg6 fxg6 24. Qxe6+ Kh7 25. Rcd1 c4 26. Qg4 c3 27. Bc1 c2 28.
Rxd8 Rxd8 29. Nd4 Qxe5 30. Nc6 Qf6 31. Nxd8 Bxd8 32. Qe4 Qxh4 33. Qxc2 Nd5 34.
Rd1 Qh5 35. Qd3 Nc3 36. Re1 Bf6 37. Bb2 Qxb5 38. Qxb5 Nxb5 39. Bxf6 gxf6 40.
Re7+ Kg8 41. a4 Nd6 42. Rxa7 Nc4 43. a5 Nxa5 44. Rxa5  1-0

[Event "VIII Floripa Chess Open 2022 - LIRA - mesa 1 a 205 - HOTEL FAIAL - 206 a 246"]
[Site "Lira Tênis Clube - Florianópolis/SC"]
[Date "2022.01.27"]
[Round "5"]
[Board "185"]
[White "Cuco, Gustavo Henrique"]
[Black "Messias, Jose Vitor Lamosa Prado"]
[Result "0-1"]
[WhiteElo "1251"]
[BlackElo "1742"]
[PlyCount "76"]
[EventDate "2022.01.24"]
[EventRounds "10"]
[EventCountry "BRA"]

1. e4 e6 2. d4 d5 3. exd5 exd5 4. Nc3 Nf6 5. Nf3 Bf5 6. Bg5 c6 7. Bd3 Bxd3 8.
Qxd3 Be7 9. O-O O-O 10. Rfe1 Re8 11. Rad1 Nbd7 12. h3 Qc7 13. Re3 Bd6 14. Rxe8+
Rxe8 15. Re1 Bf4 16. Rxe8+ Nxe8 17. Qf5 Bxg5 18. Nxg5 Ndf6 19. Nf3 Nd6 20. Qe5
Kf8 21. Kf1 Qe7 22. Qxe7+ Kxe7 23. b3 Nfe4 24. Nxe4 Nxe4 25. a4 a5 26. Ke2 b5
27. axb5 cxb5 28. Nd2 Ke6 29. Nxe4 dxe4 30. c4 bxc4 31. bxc4 f5 32. g3 g5 33.
Kd2 f4 34. gxf4 gxf4 35. c5 Kd5 36. Kc3 e3 37. fxe3 fxe3 38. Kd3 a4  0-1

[Event "VIII Floripa Chess Open 2022 - LIRA - mesa 1 a 205 - HOTEL FAIAL - 206 a 246"]
[Site "Lira Tênis Clube - Florianópolis/SC"]
[Date "2022.01.27"]
[Round "6"]
[Board "1"]
[White "Pichot, Alan"]
[Black "Hungaski, Robert"]
[Result "1-0"]
[WhiteElo "2625"]
[BlackElo "2537"]
[PlyCount "0"]
[EventDate "2022.01.24"]
[EventRounds "10"]
[EventCountry "BRA"]

1. e4 { [%eval 0.25] [%clk 1:25:53] } 1... e5 { [%eval 0.12] [%clk 1:30:54] } 2. Nf3 { [%eval 0.28] [%clk 1:26:17] } 2... Nc6 { [%eval 0.25] [%clk 1:31:20] } 3. Bb5 { [%eval 0.3] [%clk 1:26:14] } 3... a6 { [%eval 0.37] [%clk 1:31:43] } 4. Ba4 { [%eval 0.35] [%clk 1:26:40] } 4... Nf6 { [%eval 0.37] [%clk 1:32:07] } 5. O-O { [%eval 0.3] [%clk 1:26:58] } 5... Nxe4 { [%eval 0.41] [%clk 1:32:25] } 6. d4 { [%eval 0.21] [%clk 1:26:56] } 6... b5 { [%eval 0.2] [%clk 1:32:46] } 7. Bb3 { [%eval 0.21] [%clk 1:27:21] } 7... d5 { [%eval 0.43] [%clk 1:33:11] } 8. dxe5 { [%eval 0.47] [%clk 1:27:44] } 8... Be6 { [%eval 0.57] [%clk 1:33:34] } 9. c3 { [%eval 0.53] [%clk 1:25:50] } 9... Bc5 { [%eval 0.45] [%clk 1:33:20] } 10. Nbd2 { [%eval 0.06] [%clk 1:25:07] } 10... O-O { [%eval 0.25] [%clk 1:33:37] } 11. Bc2 { [%eval 0.25] [%clk 1:24:32] } 11... Nxf2 { [%eval 0.0] [%clk 1:33:35] } 12. Rxf2 { [%eval 0.0] [%clk 1:24:57] } 12... f6 { [%eval 0.38] [%clk 1:33:35] } 13. Nf1 { [%eval 0.0] [%clk 1:25:22] } 13... Bxf2+ { [%eval 0.02] [%clk 1:33:23] } 14. Kxf2 { [%eval 0.29] [%clk 1:25:47] } 14... fxe5 { [%eval 0.23] [%clk 1:33:28] } 15. Kg1 { [%eval 0.1] [%clk 1:26:12] } 15... Qf6? { [%eval 1.52] } { Mistake. Bg4 was best. } { [%clk 1:17:02] } (15... Bg4) 16. Bg5 { [%eval 1.39] [%clk 1:17:41] } 16... Qf7 { [%eval 2.14] [%clk 1:16:13] } 17. Bh4? { [%eval 0.88] } { Mistake. Be3 was best. } { [%clk 1:17:21] } (17. Be3) 17... h6 { [%eval 0.75] [%clk 1:14:33] } 18. Bg3 { [%eval 1.26] [%clk 1:11:18] } 18... Rad8 { [%eval 1.27] [%clk 1:01:37] } 19. Qd2?! { [%eval 0.5] } { Inaccuracy. Ne3 was best. } { [%clk 0:50:01] } (19. Ne3 Qf6) 19... d4 { [%eval 0.22] [%clk 0:48:14] } 20. Be4? { [%eval -0.91] } { Mistake. Qe2 was best. } { [%clk 0:34:14] } (20. Qe2 Bc4) 20... dxc3?! { [%eval 0.09] } { Inaccuracy. Bd5 was best. } { [%clk 0:42:01] } (20... Bd5 21. Bxd5 Qxd5 22. Re1 b4 23. c4 Qxc4 24. Bxe5 Qxa2 25. Bxc7 Rd7 26. Bb6 Qd5 27. Qd3) 21. Qxc3 { [%eval 0.18] [%clk 0:34:30] } 21... Nd4?! { [%eval 0.81] } { Inaccuracy. Bd5 was best. } { [%clk 0:42:27] } (21... Bd5 22. Bxd5 Qxd5 23. Ne3 Qd3 24. Qxc6 Qxe3+ 25. Kh1 e4 26. Re1 Qd3 27. Ng1 Qd5 28. Qxa6) 22. Nxd4 { [%eval 0.89] [%clk 0:31:38] } 22... Rxd4 { [%eval 0.64] [%clk 0:42:19] } 23. Bf3 { [%eval 0.59] [%clk 0:31:34] } 23... Bd5 { [%eval 0.58] [%clk 0:29:46] } 24. Nd2 { [%eval 0.39] [%clk 0:31:55] } 24... Qg6?! { [%eval 1.4] } { Inaccuracy. Bxf3 was best. } { [%clk 0:29:06] } (24... Bxf3) 25. Re1 { [%eval 1.27] [%clk 0:28:34] } 25... Qd3 { [%eval 1.8] [%clk 0:24:21] } 26. Bxd5+? { [%eval 0.47] } { Mistake. Qxd3 was best. } { [%clk 0:14:31] } (26. Qxd3 Rxd3 27. Ne4 Rf5 28. Nc5 Rd2 29. Nb3 Bxb3 30. axb3 Rxb2 31. Bxe5 Rc2 32. Bd4 Rf8) 26... Rxd5 { [%eval 0.46] [%clk 0:24:47] } 27. Qxd3 { [%eval 0.41] [%clk 0:14:53] } 27... Rxd3 { [%eval 0.3] [%clk 0:25:12] } 28. Nf3 { [%eval 0.28] [%clk 0:14:37] } 28... c5 { [%eval 0.47] [%clk 0:21:05] } 29. Rxe5 { [%eval 0.0] [%clk 0:14:56] } 29... c4?? { [%eval 1.85] } { Blunder. Rd1+ was best. } { [%clk 0:19:56] } (29... Rd1+ 30. Kf2 Rd2+ 31. Re2 Rxe2+ 32. Kxe2 Re8+ 33. Be5 Kf7 34. a3 g5 35. h3 Rg8 36. Ke3) 30. Be1 { [%eval 2.19] [%clk 0:15:11] } 30... Rd1 { [%eval 2.76] [%clk 0:18:19] } 31. Kf2 { [%eval 2.77] [%clk 0:15:11] } 31... Rb1 { [%eval 2.94] [%clk 0:17:23] } 32. Re2 { [%eval 3.05] [%clk 0:13:35] } 32... Kf7 { [%eval 3.35] [%clk 0:14:08] } 33. Bc3 { [%eval 3.07] [%clk 0:11:56] } 33... Re8 { [%eval 3.45] [%clk 0:12:16] } 34. Rd2 { [%eval 3.59] [%clk 0:11:39] } 34... g5 { [%eval 3.81] [%clk 0:10:33] } 35. a3 { [%eval 3.59] [%clk 0:11:28] } 35... Re6 { [%eval 3.66] [%clk 0:09:58] } 36. Rd7+ { [%eval 3.59] [%clk 0:07:55] } 36... Ke8 { [%eval 3.66] [%clk 0:09:19] } 37. Rd2 { [%eval 3.44] [%clk 0:06:11] } 37... Rc1 { [%eval 3.3] [%clk 0:09:04] } 38. Kg3 { [%eval 3.03] [%clk 0:05:06] } 38... Re4 { [%eval 3.64] [%clk 0:06:58] } 39. h3 { [%eval 3.85] [%clk 0:05:05] } 39... Ke7 { [%eval 4.65] [%clk 0:05:49] } 40. Bb4+?! { [%eval 2.96] } { Inaccuracy. Bg7 was best. } { [%clk 0:03:01] } (40. Bg7) 40... Kf6 { [%eval 3.61] [%clk 0:06:09] } 41. Rd7?! { [%eval 2.49] } { Inaccuracy. Bc3+ was best. } { [%clk 0:02:32] } (41. Bc3+ Kf7 42. Kf2 Ke7 43. Bg7 Re6 44. Nd4 Rg6 45. Nf5+ Ke6 46. g4 Rxg7 47. Nxg7+ Ke5) 41... Rc2 { [%eval 2.61] [%clk 0:04:09] } 42. Bc3+ { [%eval 2.3] [%clk 0:01:05] } 42... Kg6?? { [%eval 6.11] } { Blunder. Ke6 was best. } { [%clk 0:04:24] } (42... Ke6 43. Rh7) 43. Rd6+ { [%eval 5.81] [%clk 0:01:06] } 43... Kh7 { [%eval 5.9] [%clk 0:04:36] } 44. Rxa6 { [%eval 5.02] [%clk 0:00:54] } 44... Ree2 { [%eval 5.28] [%clk 0:02:09] } 45. Kg4 { [%eval 5.3] [%clk 0:01:17] } 45... Rxb2 { [%eval 5.87] [%clk 0:01:03] } 46. Kh5 { [%eval 5.58] [%clk 0:00:58] } 46... Rb3 { [%eval 5.87] [%clk 0:00:55] } 47. Bf6 { [%eval 7.32] [%clk 0:00:57] } 47... g4? { [%eval #3] } { Checkmate is now unavoidable. Rbe3 was best. } { [%clk 0:00:36] } (47... Rbe3 48. Ra7+ Kg8 49. Kg6 Kf8 50. Nd4 Re7 51. Bxe7+ Rxe7 52. Ra8+ Re8 53. Rxe8+ Kxe8 54. Nxb5) 48. Ra7+ { [%eval #8] [%clk 0:01:00] } 48... Kg8 { [%eval #8] [%clk 0:01:01] } 49. Kg6 { [%eval #7] [%clk 0:01:04] } 49... Kf8 { [%eval #7] [%clk 0:01:21] } 50. Nd4 { [%eval 10.51] [%clk 0:00:58] } 50... gxh3?! { [%eval #3] } { Checkmate is now unavoidable. Ke8 was best. } { [%clk 0:00:33] } (50... Ke8 51. Nxe2) 51. Ra8+ { [%eval #2] [%clk 0:01:22] }  1-0

[Event "VIII Floripa Chess Open 2022 - LIRA - mesa 1 a 205 - HOTEL FAIAL - 206 a 246"]
[Site "Lira Tênis Clube - Florianópolis/SC"]
[Date "2022.01.27"]
[Round "6"]
[Board "2"]
[White "Cuenca Jimenez, Jose Fernando"]
[Black "Supi, Luis Paulo"]
[Result "1/2-1/2"]
[WhiteElo "2552"]
[BlackElo "2581"]
[PlyCount "0"]
[EventDate "2022.01.24"]
[EventRounds "10"]
[EventCountry "BRA"]

1. d4 { [%eval 0.3] [%clk 1:30:54] } 1... Nf6 { [%eval 0.0] [%clk 1:25:01] } 2. c4 { [%eval 0.23] [%clk 1:31:15] } 2... g6 { [%eval 0.3] [%clk 1:24:21] } 3. Nc3 { [%eval 0.31] [%clk 1:31:35] } 3... Bg7 { [%eval 0.64] [%clk 1:24:44] } 4. e4 { [%eval 0.67] [%clk 1:31:50] } 4... d6 { [%eval 0.64] [%clk 1:25:10] } 5. h3 { [%eval 0.56] [%clk 1:31:58] } 5... Nbd7 { [%eval 0.73] [%clk 1:22:31] } 6. Be3 { [%eval 0.74] [%clk 1:28:20] } 6... e5 { [%eval 0.74] [%clk 1:22:30] } 7. d5 { [%eval 0.55] [%clk 1:27:57] } 7... a5 { [%eval 0.86] [%clk 1:17:18] } 8. g4 { [%eval 0.79] [%clk 1:27:15] } 8... Nc5 { [%eval 0.71] [%clk 1:17:09] } 9. f3 { [%eval 0.91] [%clk 1:27:25] } 9... h5 { [%eval 0.73] [%clk 1:16:26] } 10. g5 { [%eval 0.72] [%clk 1:26:14] } 10... Nfd7 { [%eval 0.78] [%clk 1:15:37] } 11. h4 { [%eval 0.82] [%clk 1:24:21] } 11... O-O { [%eval 0.55] [%clk 1:13:45] } 12. Nh3 { [%eval 0.68] [%clk 1:20:14] } 12... Na6 { [%eval 0.5] [%clk 1:12:44] } 13. Rb1 { [%eval 0.7] [%clk 1:15:31] } 13... Nb6 { [%eval 0.93] [%clk 1:06:21] } 14. b3 { [%eval 0.89] [%clk 1:11:47] } 14... c6 { [%eval 1.0] [%clk 1:00:03] } 15. Qd2 { [%eval 1.12] [%clk 1:07:47] } 15... Nc5 { [%eval 1.35] [%clk 0:54:10] } 16. Rd1 { [%eval 1.24] [%clk 0:56:47] } 16... cxd5 { [%eval 1.2] [%clk 0:53:23] } 17. cxd5 { [%eval 1.31] [%clk 0:55:46] } 17... Nbd7 { [%eval 1.25] [%clk 0:50:35] } 18. Nf2 { [%eval 0.88] [%clk 0:53:49] } 18... Qe7 { [%eval 1.26] [%clk 0:49:21] } 19. Be2 { [%eval 0.92] [%clk 0:49:33] } 19... b6 { [%eval 1.05] [%clk 0:45:08] } 20. O-O { [%eval 1.34] [%clk 0:48:38] } 20... Bb7 { [%eval 1.45] [%clk 0:39:27] } 21. Rb1 { [%eval 1.2] [%clk 0:47:14] } 21... f5 { [%eval 1.47] [%clk 0:34:42] } 22. Bb5 { [%eval 0.99] [%clk 0:44:34] } 22... fxe4 { [%eval 0.86] [%clk 0:32:17] } 23. Nfxe4 { [%eval 0.84] [%clk 0:43:41] } 23... Nxe4 { [%eval 0.79] [%clk 0:29:27] } 24. Nxe4 { [%eval 0.5] [%clk 0:42:57] } 24... Nc5 { [%eval 0.48] [%clk 0:28:49] } 25. a3 { [%eval 0.25] [%clk 0:40:19] } 25... Bc8 { [%eval 0.27] [%clk 0:24:26] } 26. b4 { [%eval 0.15] [%clk 0:37:33] } 26... axb4 { [%eval 0.0] [%clk 0:24:50] } 27. axb4 { [%eval 0.0] [%clk 0:38:00] } 27... Nxe4 { [%eval 0.0] [%clk 0:25:08] } 28. fxe4 { [%eval 0.08] [%clk 0:38:27] } 28... Bh3 { [%eval 0.27] [%clk 0:24:55] } 29. Rxf8+ { [%eval 0.08] [%clk 0:36:57] } 29... Rxf8 { [%eval 0.16] [%clk 0:24:25] } 30. Kh2 { [%eval 0.28] [%clk 0:32:53] } 30... Bd7 { [%eval 0.1] [%clk 0:21:40] } 31. Be2 { [%eval 0.41] [%clk 0:29:31] } 31... Bc8 { [%eval 0.4] [%clk 0:21:13] } 32. Rf1 { [%eval 0.17] [%clk 0:27:51] } 32... Qd7 { [%eval 0.03] [%clk 0:17:11] } 33. Rxf8+ { [%eval 0.09] [%clk 0:28:05] } 33... Bxf8 { [%eval 0.0] [%clk 0:17:37] } 34. Kg1 { [%eval 0.32] [%clk 0:22:19] } 34... b5 { [%eval 0.0] [%clk 0:16:04] } 35. Bf2 { [%eval 0.03] [%clk 0:20:54] } 35... Qh3 { [%eval 0.0] [%clk 0:10:15] } 36. Bf1 { [%eval 0.0] [%clk 0:14:59] } 36... Qf3 { [%eval 0.0] [%clk 0:09:53] } 37. Bg2 { [%eval 0.0] [%clk 0:14:38] } 37... Qb3 { [%eval 0.0] [%clk 0:10:08] } 38. Be1 { [%eval 0.0] [%clk 0:12:17] }  1/2-1/2

[Event "VIII Floripa Chess Open 2022 - LIRA - mesa 1 a 205 - HOTEL FAIAL - 206 a 246"]
[Site "Lira Tênis Clube - Florianópolis/SC"]
[Date "2022.01.27"]
[Round "6"]
[Board "3"]
[White "Fier, Alexandr"]
[Black "Cubas, Jose Fernando"]
[Result "1/2-1/2"]
[WhiteElo "2573"]
[BlackElo "2469"]
[PlyCount "0"]
[EventDate "2022.01.24"]
[EventRounds "10"]
[EventCountry "BRA"]

1. e4 { [%eval 0.25] [%clk 1:30:57] } 1... c5 { [%eval 0.32] [%clk 1:28:53] } 2. Nf3 { [%eval 0.0] [%clk 1:31:22] } 2... Nc6 { [%eval 0.0] [%clk 1:28:41] } 3. Bb5 { [%eval 0.46] [%clk 1:31:46] } 3... g6 { [%eval 0.59] } 4. O-O { [%eval 0.2] [%clk 1:32:08] } 4... Bg7 { [%eval 0.43] } 5. c3 { [%eval 0.22] } 5... e5 { [%eval 0.33] } 6. d4 { [%eval 0.28] [%clk 1:32:58] } 6... exd4 { [%eval 0.67] } 7. cxd4 { [%eval 0.19] [%clk 1:32:21] } 7... cxd4 { [%eval 0.23] [%clk 1:13:32] } 8. Bf4 { [%eval 0.52] } 8... d6?! { [%eval 1.29] } { Inaccuracy. a6 was best. } (8... a6 9. Ba4 b5 10. Bb3 Nge7 11. Bd6 a5 12. a3 Bb7 13. e5 a4 14. Ba2 Qb6 15. Nbd2) 9. Nxd4 { [%eval 1.17] } 9... Ne7 { [%eval 1.33] [%clk 1:09:30] } 10. Nc3 { [%eval 1.25] [%clk 1:30:36] } 10... O-O { [%eval 1.33] [%clk 1:09:37] } 11. Nxc6 { [%eval 0.91] [%clk 1:27:40] } 11... bxc6 { [%eval 1.03] [%clk 1:08:54] } 12. Bc4 { [%eval 0.96] } 12... Rb8?? { [%eval 2.96] } { Blunder. Bxc3 was best. } (12... Bxc3 13. bxc3 d5 14. exd5 Nxd5 15. Bh6 Re8 16. Qc1 Qh4 17. Bxd5 cxd5 18. Qd2 Bd7 19. Bg5) 13. Bb3? { [%eval 1.7] } { Mistake. Qxd6 was best. } { [%clk 1:25:27] } (13. Qxd6 Rxb2 14. Qa3 Rc2 15. Rac1 Rxc1 16. Rxc1 Be6 17. Bxe6 fxe6 18. Ne2 Qd7 19. Be3 Rd8) 13... Ba6 { [%eval 1.72] [%clk 0:45:42] } 14. Qxd6 { [%eval 1.74] [%clk 1:24:24] } 14... Bxf1 { [%eval 1.56] } 15. Qxb8 { [%eval 1.77] [%clk 1:24:32] } 15... Qxb8 { [%eval 1.69] [%clk 0:45:21] } 16. Bxb8 { [%eval 1.67] [%clk 1:24:57] } 16... Rxb8 { [%eval 1.67] [%clk 0:45:49] } 17. Kxf1 { [%eval 1.54] } 17... c5 { [%eval 1.8] } 18. Rd1 { [%eval 1.36] [%clk 1:24:45] } 18... Nc6 { [%eval 1.37] } 19. Bd5 { [%eval 1.38] } 19... Ne7 { [%eval 1.24] [%clk 0:35:56] } 20. Na4 { [%eval 0.93] } 20... Bd4?! { [%eval 1.68] } { Inaccuracy. Bxb2 was best. } (20... Bxb2) 21. Bc4 { [%eval 1.68] [%clk 1:13:39] } 21... Nc8 { [%eval 1.6] [%clk 0:24:43] } 22. b3 { [%eval 1.75] [%clk 1:12:55] } 22... Nb6 { [%eval 1.63] [%clk 0:20:19] } 23. Nxb6 { [%eval 1.84] [%clk 1:13:20] } 23... axb6 { [%eval 2.11] } 24. a4 { [%eval 1.87] [%clk 1:13:44] } 24... Kg7 { [%eval 2.09] } 25. g3 { [%eval 1.9] [%clk 1:13:59] } 25... Re8 { [%eval 2.05] } 26. Bd3?! { [%eval 1.45] } { Inaccuracy. Bd5 was best. } (26. Bd5 g5 27. Rd3 h5 28. f4 f6 29. Ke2 Rd8 30. Rd2 gxf4 31. gxf4 f5 32. Kf3 fxe4+) 26... g5 { [%eval 1.24] [%clk 0:19:05] } 27. f3 { [%eval 0.87] [%clk 1:11:13] } 27... Kf6?! { [%eval 1.51] } { Inaccuracy. f5 was best. } { [%clk 0:18:10] } (27... f5) 28. Ke2 { [%eval 1.5] } 28... Kg7 { [%eval 1.68] [%clk 0:13:29] } 29. f4 { [%eval 1.81] [%clk 1:10:56] } 29... gxf4 { [%eval 2.36] [%clk 0:13:10] } 30. gxf4 { [%eval 2.34] } 30... Re6 { [%eval 2.33] [%clk 0:13:38] } 31. Kf3 { [%eval 2.11] [%clk 1:07:59] } 31... Rh6 { [%eval 2.58] [%clk 0:11:21] } 32. Rd2? { [%eval 0.96] } { Mistake. e5 was best. } (32. e5 Rxh2) 32... Rh3+ { [%eval 1.09] [%clk 0:11:39] } 33. Kg4 { [%eval 0.85] [%clk 1:08:31] } 33... Bc3 { [%eval 1.12] } 34. Kxh3 { [%eval 1.39] [%clk 1:05:44] } 34... Bxd2 { [%eval 1.11] [%clk 0:11:57] } 35. Kg4 { [%eval 0.79] } 35... f6 { [%eval 1.32] [%clk 0:11:35] } 36. Kf5 { [%eval 1.08] [%clk 1:06:25] } 36... Kf7 { [%eval 0.9] [%clk 0:11:53] } 37. e5 { [%eval 0.98] } 37... fxe5 { [%eval 0.69] [%clk 0:10:03] } 38. Kxe5 { [%eval 0.35] } 38... h6 { [%eval 0.32] [%clk 0:10:12] } 39. Kf5 { [%eval 0.43] [%clk 1:01:45] } 39... Ke7 { [%eval 0.29] [%clk 0:09:38] } 40. Ke4 { [%eval 0.45] [%clk 1:02:10] } 40... Kf6 { [%eval 0.33] } 41. Kd5 { [%eval 0.22] [%clk 1:02:35] } 41... Be1 { [%eval 0.41] [%clk 0:08:36] } 42. Kd6 { [%eval 0.4] [%clk 1:02:45] } 42... Bd2 { [%eval 0.43] [%clk 0:08:55] } 43. Kc6 { [%eval 0.34] [%clk 1:03:01] } 43... Ba5 { [%eval 0.37] [%clk 0:09:16] } 44. h4 { [%eval 0.25] } 44... Ke6 { [%eval 0.16] } 45. Bg6 { [%eval 0.2] [%clk 1:03:33] } 45... Kf6 { [%eval 0.22] } 46. h5 { [%eval 0.17] } 46... Ke6 { [%eval 0.04] [%clk 0:09:31] }  1/2-1/2